Actividades de la FITPAS en la región interamericana (Extracto del informe de actividades regionales de la FITPAS al IV Congreso Mundial en Ginebra, Suiza; 17 al 18 de diciembre de 1976)
में बचाया:
| निगमित लेखक: | |
|---|---|
| स्वरूप: | मूलपाठ |
| प्रकाशित: |
San José:
CEDAL
|
| टैग: |
टैग जोड़ें
कोई टैग नहीं, इस रिकॉर्ड को टैग करने वाले पहले व्यक्ति बनें!
|
MARC
| LEADER | 00000 a a2200000 04500 | ||
|---|---|---|---|
| 001 | 18699 | ||
| 003 | |||
| 040 | |||
| 090 | |a 010200 | ||
| 110 | |a Federación Internacional de los Trabajadores de las Plantaciones Agrícolas y Similares | ||
| 245 | |a Actividades de la FITPAS en la región interamericana (Extracto del informe de actividades regionales de la FITPAS al IV Congreso Mundial en Ginebra, Suiza; 17 al 18 de diciembre de 1976) | ||
| 260 | |a San José: |b CEDAL | ||
| 300 | |a 38 p. | ||
| 999 | |c 1620 |d 1620 | ||
